|
|
|
|
| LEADER |
00000cam a2200000 7i4500 |
| 001 |
0000024748 |
| 005 |
20130315.0 |
| 008 |
060313 xxua |
| 020 |
|
|
|a 9780415872416 ,
|c RM285.00
|
| 040 |
|
|
|a INS
|
| 090 |
0 |
0 |
|a LC5131
|b U73 2012
|
| 245 |
1 |
0 |
|a Urban education :
|b a model for leadership and policy
|c edited by Karen Symms Gallagher...[et al.]
|
| 260 |
|
|
|a New York :
|b Routledge ,
|c 2012
|
| 300 |
|
|
|a xviii,369p :
|b ill ;
|c 25cm.
|
| 500 |
|
|
|a Include index
|
| 650 |
|
0 |
|a Education, Urban
|
| 650 |
|
0 |
|a Urban schools
|x Administration
|
| 700 |
0 |
|
|a Gallagher, Karen S.
|
| 999 |
|
|
|a 1000001018
|b BOOK
|c Open Shelf
|e Default branch
|